[Event "EOC-ch Playoff-A 2021"]
[Site "Online"]
[Date "2021.03.29"]
[Round "1.8"]
[White "Huzman, Alexander"]
[Black "Delorme, Axel"]
[Result "1-0"]
[WhiteElo "2561"]
[BlackElo "2480"]
[Annotator "ChessBase"]
[PlyCount "71"]
[EventDate "2021.03.29"]
[EventType "team-tourn"]
[EventCountry "NET"]
[SourceTitle "playchess.com"]
[Source "ChessBase"]
[SourceQuality "1"]
[TimeControl "900+5"]

1. Nf3 {[%emt 0:00:00]} d5 {[%emt 0:00:07]} 2. g3 {[%emt 0:00:04]} Nf6 {[%emt 0:00:10]} 3. Bg2 {[%emt 0:00:04]} e6 {[%emt 0:00:04]} 4. O-O {[%emt 0:00:28]} Be7 {[%emt 0:01:38]} 5. d3 {[%emt 0:00:12]} O-O {[%emt 0:00:21]} 6. Nbd2 {[%emt 0:00:04]} c5 {[%emt 0:00:03]} 7. e4 {[%emt 0:00:02]} Nc6 {[%emt 0:00:01]} 8. Re1 {[%emt 0:00:22]} b5 {[%emt 0:01:17]} 9. exd5 {[%emt 0:00:45]} exd5 {[%emt 0:00:22]} 10. Nb3 {[%emt 0:00:55]} Be6 {[%emt 0:03:25]} 11. Bf4 {[%emt 0:00:39]} Rc8 {[%emt 0:00:43]} 12. h3 {[%emt 0:02:10]} d4 {[%emt 0:01:15]} 13. a4 {[%emt 0:02:48]} a6 {[%emt 0:00:07]} 14. axb5 {[%emt 0:00:26]} axb5 {[%emt 0:00:01]} 15. Ne5 {[%emt 0:00:02]} Nxe5 {[%emt 0:00:09]} 16. Bxe5 {[%emt 0:00:02]} Nd5 {[%emt 0:02:09]} 17. g4 {[%emt 0:01:58]} Bd6 {[%emt 0:00:32]} 18. Qd2 {[%emt 0:00:06]} Bxe5 {[%emt 0:00:25]} 19. Rxe5 {[%emt 0:00:04]} Qd6 {[%emt 0:00:02]} 20. Rae1 {[%emt 0:00:03]} Nb6 {[%emt 0:00:57]} 21. Qa5 {[%emt 0:01:28]} Bd7 {[%emt 0:00:18]} 22. Qa6 {[%emt 0:01:18]} Rfe8 {[%emt 0:00:33]} 23. Rxe8+ {[%emt 0:00:07]} Rxe8 {[%emt 0:00:03]} 24. Rxe8+ {[%emt 0:00:05]} Bxe8 {[%emt 0:00:01]} 25. Nd2 {[%emt 0:00:04]} Kf8 {[%emt 0:00:53]} 26. Ne4 {[%emt 0:00:06]} Qc7 {[%emt 0:00:01]} 27. Qa3 {[%emt 0:00:16]} Na4 {[%emt 0:00:04]} 28. b4 {[%emt 0:00:47]} c4 {[%emt 0:00:32]} 29. Nc5 {[%emt 0:00:02]} c3 {[%emt 0:00:11]} 30. Nxa4 {[%emt 0:00:21]} bxa4 {[%emt 0:00:03]} 31. b5+ {[%emt 0:00:02]} Qe7 {[%emt 0:00:06]} 32. Qxa4 {[%emt 0:00:03]} Qc5 {[%emt 0:00:12]} 33. Bc6 {[%emt 0:00:04]} Bxc6 {[%emt 0:00:40]} 34. bxc6 {[%emt 0:00:03]} Qb6 {[%emt 0:00:06]} 35. Qa8+ {[%emt 0:00:06]} Ke7 {[%emt 0:00:03]} 36. Qb7+ {[%emt 0:00:02]} 1-0

[Event "EOC-ch Playoff-A 2021"]
[Site "Online"]
[Date "2021.03.29"]
[Round "1.9"]
[White "Bartel, Mateusz"]
[Black "Banusz, Tamas"]
[Result "1-0"]
[WhiteElo "2635"]
[BlackElo "2631"]
[Annotator "TA"]
[PlyCount "93"]
[EventDate "2021.03.29"]
[EventType "team-tourn"]
[EventCountry "NET"]
[SourceTitle "playchess.com"]
[Source "ChessBase"]
[SourceQuality "1"]

{[%evp 12,93,29,16,19,22,18,0,22,21,23,22,53,55,75,66,99,31,62,26,66,56,64,60,63,63,76,52,65,0,177,64,87,56,61,10,110,109,104,97,105,81,119,68,67,80,240,143,107,70,60,78,75,50,65,45,92,134,139,62,185,183,210,200,208,203,212,204,304,311,384,384,422,401,731,709,1145,1145,1135,740,1091,1120,1018,1004]} 1. e4 e5 2. Nf3 Nc6 3. Bb5 a6 4. Ba4 Nf6 5. d3 d6 6. c3 g6 7. h3 Bg7 {C77: Ruy Lopez: 3...a6 4 Ba4 Nf6, unusual lines.} 8. Be3 O-O 9. Nbd2 {[%cal Bb1d2,Bd2b3,Bb3c5][%mdl 32]} Re8 {The position is equal.} 10. O-O b5 (10... d5 11. Bxc6 bxc6 12. Qa4 a5 13. Rfd1 Ba6 14. c4 Qb8 15. Bg5 Qb6 16. Rdc1 Bb7 17. Rab1 dxe4 18. dxe4 {½-½ (69) Bartel,M (2627)-Banusz,T (2585) Dubai 2015}) 11. Bc2 {[#]} h6 $146 ({Predecessor:} 11... Bb7 12. a4 b4 13. a5 bxc3 14. bxc3 Na7 15. Bb3 h6 16. Bxf7+ Kxf7 17. Qb3+ Re6 18. Qxb7 {1-0 (45) Tsolakidou,S (2340)-Nomin Erdene,D (2358) Tarvisio 2017}) 12. b4 d5 13. Nb3 g5 14. Nh2 (14. a4 $16) 14... Ne7 15. Ng4 Ng6 16. Nxf6+ Bxf6 17. Nc5 d4 18. cxd4 exd4 19. Bd2 Be5 20. Qh5 (20. a4 $14) 20... Bg7 $2 {[#]} (20... Bf4 $1 $11 21. Rfd1 (21. Bxf4 Nxf4 22. Qf3 a5 $11) 21... Kg7) 21. Bb3 (21. f4 $18 gxf4 22. Bxf4) 21... Qf6 $14 22. f4 gxf4 23. Qf3 ({White should play} 23. g3 $14) 23... Be6 (23... Ra7 $11) 24. Nxe6 $16 fxe6 25. Rac1 Rac8 26. Bxf4 (26. Qg4 {is more complex.} c5 27. Bxf4 c4 28. dxc4 Nxf4 29. Rxf4 h5 30. Qg3) 26... Nxf4 27. Qxf4 (27. Rc6 $16) 27... Qxf4 $14 28. Rxf4 {Hoping for Rc6.} Be5 $2 {[#]} (28... c6 $16 {was necessary.}) 29. Rg4+ (29. Rf5 $1 $18 {[%cal Rf5e5]} Bd6 30. e5 Bxb4 31. Rc6 {[%mdl 64] Double Attack}) 29... Kf7 $16 30. Rf1+ Ke7 31. Rg6 Kd6 32. Rxh6 a5 33. a4 $36 {[%mdl 2048] White has good play.} axb4 34. axb5 Rb8 35. Bc4 (35. g4 $16) 35... Ra8 (35... c6 $1 $14) 36. Rb1 $18 Bf4 37. Rf6 Bd2 38. Kh2 Ke5 39. Rf7 Rg8 (39... Rac8 $142 40. Rb2 Be1) 40. Rxc7 Raf8 {Black hopes to continue with ...Rf2.} 41. Rc5+ Kf4 42. Bxe6 Rg6 (42... Rg5 $142) 43. Rf5+ {White is clearly winning.} Ke3 44. Rxf8 Rxe6 45. Rf3+ Ke2 46. Rb2 Rb6 47. Kg1 {Weighted Error Value: White=0.22/Black=0.37} 1-0

[Event "EOC-ch Playoff-A 2021"]
[Site "Online"]
[Date "2021.03.29"]
[Round "1.10"]
[White "Braun, Arik"]
[Black "Gumularz, Szymon"]
[Result "0-1"]
[WhiteElo "2609"]
[BlackElo "2517"]
[Annotator "TA"]
[PlyCount "134"]
[EventDate "2021.03.29"]
[EventType "team-tourn"]
[EventCountry "NET"]
[SourceTitle "playchess.com"]
[Source "ChessBase"]
[SourceQuality "1"]

{[%evp 13,134,0,0,4,7,0,28,20,13,0,52,43,40,33,100,40,44,35,43,22,44,23,39,36,42,42,46,46,50,39,71,35,68,52,106,111,111,97,89,8,12,12,121,85,134,134,154,131,148,125,122,99,99,107,165,119,112,86,1656,1645,1287,177,172,0,0,-8,-11,-209,-146,-111,-18,-124,-123,-153,-148,-183,-162,-158,-127,-129,-120,-150,-81,-104,-83,-87,-88,-95,0,-102,-100,-102,-5,-5,0,-102,0,0,0,-102,-66,-102,-77,-185,-191,-192,-181,-297,-292,-288,-292,-424,-422,-572,-572,-862,-876,-828,-800,-29985,-29985,-29986,-29986]} 1. d4 Nf6 2. c4 e6 3. Nc3 Bb4 4. Qc2 O-O 5. a3 Bxc3+ 6. Qxc3 d6 7. Bg5 h6 8. Bh4 {E32: Nimzo-Indian: Classical (4 Qc2): 4...0-0.} Nbd7 9. f3 d5 10. e3 {White has an edge.} Re8 11. Nh3 {[#]} b6 $5 $146 {[%mdl 8] An interesting novelty.} (11... e5 $11) ({Predecessor:} 11... e5 12. O-O-O e4 13. Nf2 Nf8 14. f4 Ng6 15. Bxf6 Qxf6 16. g3 c6 17. Kb1 dxc4 18. Bxc4 {0-1 (63) Zilka,S (2513)-Navara,D (2706) Kouty nad Desnou 2012}) 12. cxd5 $14 exd5 13. Bb5 Qe7 (13... g5 $1 $14 14. Bg3 Bb7) 14. Bf2 (14. Bxf6 $16 Qxf6 15. O-O) 14... c5 15. O-O Bb7 16. Rac1 Rac8 17. Bd3 Nf8 18. Nf4 Ne6 19. Nxe6 Qxe6 20. Rfe1 Re7 21. Bb1 Ba6 22. Qd2 Rec7 23. Rc3 Ne8 (23... Rc6 $14) 24. Qc2 $16 {aiming for Qh7+.} g6 25. e4 {Hoping for exd5.} cxd4 26. Rxc7 (26. Bxd4 $16 {Threatens to win with Qd2.} Rxc3 27. bxc3) 26... Nxc7 $11 27. Qd2 Kh7 (27... d3 $11) 28. Bxd4 Rd8 29. h4 $1 Nb5 30. Bf2 d4 31. Bd3 {Rc1 is the strong threat.} Nc7 32. Rc1 Bxd3 33. Rxc7 (33. Qxd3 $6 Qe5 $11) 33... Bb5 (33... Bc4 $16 {is a better defense.}) 34. Qf4 (34. Bxd4 $6 Qd6 $11) 34... Rd7 35. Rc8 ({Don't play} 35. Bxd4 $6 Rxd4 36. Rxf7+ Kg8 $11) 35... d3 $2 {[%mdl 8192]} (35... Qd6 $16 36. e5 Qe6) 36. Be3 $18 {[%csl Ge3][%cal Rf4h6]} g5 37. hxg5 $2 (37. Qb8 Qf6 38. hxg5 Qxb2 39. Qf4 Qa1+ 40. Kh2) 37... d2 38. Bxd2 (38. g6+ $1 $18 Qxg6 39. Bxd2) 38... Rxd2 $11 {[%mdl 64] Discovered Attack} 39. Rf8 Rd1+ ({Don't blunder} 39... Rxb2 $2 40. Rxf7+ Kg8 41. Rf8+ Kh7 42. Rf6 $18) 40. Kh2 $2 (40. Kf2 $1 $11 {and White is okay.} Kg7 41. Qb8 hxg5 42. Rh8 Rd2+ {[%mdl 64] Double Attack} 43. Kg1 Rd1+ 44. Kf2 Rd2+ {[%mdl 64] Double Attack} 45. Kg1 Rd1+ 46. Kf2) 40... Kg7 41. Ra8 Rd7 (41... a5 $17 42. b3 Qd6) 42. g4 (42. Kg1 $1 $11 {was the only way to keep the balance.}) 42... Qd6 43. gxh6+ Qxh6+ 44. Qxh6+ Kxh6 $17 {[%mdl 4096] Endgame KRB-KR} 45. Kg3 Bc6 46. Rc8 Bb7 47. Rb8 f6 ({Black should try} 47... Ba6 $1 48. Kf4 Rd3) 48. Kf4 Kg6 49. Rg8+ Kf7 50. Rh8 Ke6 (50... Kg7 $17 51. Rh2 Rc7) 51. Re8+ {[#]} (51. Rh6 $11) 51... Re7 $1 {[%cal Re7e8]} 52. Rh8 Rc7 (52... Rg7 $17) 53. Rh6 $11 Rf7 54. Rh8 (54. g5 $11) 54... Rd7 (54... Bc6 $17) 55. Rh6 Rf7 56. Rh8 (56. g5 $11) 56... Ba6 57. Ke3 Rd7 58. Ra8 (58. Rh6 $17) 58... Rd3+ $19 59. Kf4 {[#]} Rb3 $1 {And now ...Be2 would win.} 60. Re8+ (60. g5 {was forced.}) 60... Kf7 61. Rh8 Be2 {[%csl Ge2][%cal Rb3f3]} ({Don't do} 61... Rxb2 62. g5 $19) 62. Rh3 (62. e5 $142) 62... Ke6 63. Rg3 a5 {[%cal Ba7a5,Ba5a4][%mdl 32]} 64. Rh3 a4 65. e5 fxe5+ 66. Ke4 Bd3+ 67. Ke3 Bf1+ {[%mdl 64] Discovered Attack. Never resign too early!  Weighted Error Value: White=0.44/Black=0.27} 0-1

[Event "EOC-ch Playoff-A 2021"]
[Site "Online"]
[Date "2021.03.29"]
[Round "1.11"]
[White "Mastrovasilis, Dimitrios"]
[Black "Wagner, Dennis"]
[Result "0-1"]
[WhiteElo "2609"]
[BlackElo "2581"]
[Annotator "TA"]
[PlyCount "62"]
[EventDate "2021.03.29"]
[EventType "team-tourn"]
[EventCountry "NET"]
[SourceTitle "playchess.com"]
[Source "ChessBase"]
[SourceQuality "1"]

{[%evp 9,62,-6,3,8,0,0,0,0,0,-9,42,39,40,30,38,-26,-40,-182,-170,-172,-164,-151,-181,-145,-40,-45,-34,-104,-95,-75,-70,-142,-138,-201,-204,-192,-204,-269,-257,-375,-239,-226,-210,-451,-461,-450,-435,-453,-459,-448,-437,-437,-432,-584,-577]} 1. e4 e5 2. Nc3 Nf6 3. d4 exd4 4. Qxd4 Nc6 5. Qd3 Bb4 6. Bd2 {C26: Vienna Game: 2...Nf6, sidelines .} O-O 7. O-O-O Re8 8. Nge2 {The position is equal. is now more promising than 8.Qg3.} d6 {[#]} 9. h3 $146 ({Predecessor:} 9. Bg5 h6 10. Bh4 Ne5 11. Qg3 c6 12. a3 Ba5 13. f3 Qe7 14. Kb1 b5 15. Na2 {0-1 (29) Mamedyarov,S (2770)-Vidit,S (2726) Chess.com INT 2020}) 9... Qe7 (9... Rb8 $11) 10. Bg5 {Black must now prevent Nd5.} Ne5 11. Qg3 c6 12. h4 {[#]} ({Better is} 12. a3 $14 Ba5 13. Kb1) 12... Nh5 $1 $11 13. Qh2 (13. Bxe7 $15 Nxg3 14. Nxg3 Rxe7 15. f3) 13... f6 $19 14. Bd2 {[#]} Ng4 $1 {[%cal Rg4h2]} 15. Qg1 Bc5 16. Be1 d5 (16... f5 $17 17. Na4 fxe4 18. Nxc5 dxc5) 17. exd5 $15 Bf5 {Threatens to win with ...Rad8.} 18. d6 (18. g3 $1 $15) 18... Qe5 19. d7 Red8 20. Rh3 (20. Kb1 $15) 20... b5 $17 {[%cal Bb7b5,Bb5b4][%mdl 32]} ({Much less strong is} 20... Bxd7 21. Rhd3 $15) 21. Rf3 (21. Kb1 $17) 21... Rxd7 $40 {[%mdl 128] Black attacks with force.} ({Resist} 21... Bxd7 22. Rfd3 $17) 22. Rxd7 Bxd7 23. Bd2 Rd8 {And now ...Bf5 would win.} 24. g3 (24. Nd1 {was called for.}) 24... Be6 25. Bh3 b4 26. Na4 (26. Bf4 Nxf4 27. gxf4) 26... Qxe2 {[%mdl 64] Double Attack. Black is clearly winning.} 27. Qe1 Qxe1+ ({Less strong is} 27... Qxf3 28. Qxe6+ Kh8 29. Bxg4 $19) 28. Bxe1 Bf8 29. Re3 Rd1+ 30. Kxd1 Nxe3+ {[%mdl 64] Discovered Attack} 31. fxe3 Bxh3 {Weighted Error Value: White=0.49/Black=0.17} 0-1

[Event "EOC-ch Playoff-A 2021"]
[Site "Online"]
[Date "2021.03.29"]
[Round "1.12"]
[White "Buhmann, Rainer"]
[Black "Wieczorek, Oskar"]
[Result "1/2-1/2"]
[WhiteElo "2580"]
[BlackElo "2498"]
[Annotator "ChessBase"]
[PlyCount "168"]
[EventDate "2021.03.29"]
[EventType "team-tourn"]
[EventCountry "NET"]
[SourceTitle "playchess.com"]
[Source "ChessBase"]
[SourceQuality "1"]
[TimeControl "900+5"]

1. d4 {[%emt 0:00:00]} Nf6 {[%emt 0:00:04]} 2. Nf3 {[%emt 0:00:02]} g6 {[%emt 0:00:06]} 3. c4 {[%emt 0:00:02]} Bg7 {[%emt 0:00:07]} 4. e3 {[%emt 0:00:01]} O-O {[%emt 0:00:11]} 5. Be2 {[%emt 0:00:02]} c5 {[%emt 0:00:03]} 6. d5 {[%emt 0:00:03]} d6 {[%emt 0:00:09]} 7. Nc3 {[%emt 0:00:04]} e6 {[%emt 0:00:02]} 8. O-O {[%emt 0:00:03]} exd5 {[%emt 0:00:01]} 9. cxd5 {[%emt 0:00:01]} Re8 {[%emt 0:00:12]} 10. Nd2 {[%emt 0:00:02]} Na6 {[%emt 0:01:17]} 11. Nc4 {[%emt 0:00:43]} Nc7 {[%emt 0:00:10]} 12. a4 {[%emt 0:00:09]} b6 {[%emt 0:00:16]} 13. f3 {[%emt 0:00:26]} Ba6 {[%emt 0:00:06]} 14. e4 {[%emt 0:00:37]} Rb8 {[%emt 0:00:11]} 15. Bg5 {[%emt 0:01:00]} Bxc4 {[%emt 0:00:41]} 16. Bxc4 {[%emt 0:00:03]} a6 {[%emt 0:00:01]} 17. Qe2 {[%emt 0:01:46]} Qc8 {[%emt 0:00:31]} 18. Rab1 {[%emt 0:00:13]} Nd7 {[%emt 0:00:14]} 19. f4 {[%emt 0:01:50]} Qb7 {[%emt 0:05:13]} 20. Qg4 {[%emt 0:02:48]} Qc8 {[%emt 0:01:43]} 21. e5 {[%emt 0:00:49]} b5 {[%emt 0:00:03]} 22. exd6 {[%emt 0:01:55]} bxc4 {[%emt 0:00:02]} 23. dxc7 {[%emt 0:00:01]} Qxc7 {[%emt 0:00:00]} 24. f5 {[%emt 0:00:26]} Bd4+ {[%emt 0:00:32]} 25. Kh1 {[%emt 0:00:01]} Ne5 {[%emt 0:00:06]} 26. Qg3 {[%emt 0:00:52]} Qd7 {[%emt 0:01:26]} 27. Ne4 {[%emt 0:00:33]} Nd3 {[%emt 0:00:03]} 28. Nf6+ {[%emt 0:00:07]} Bxf6 {[%emt 0:00:02]} 29. Bxf6 {[%emt 0:00:01]} Qxd5 {[%emt 0:00:10]} 30. Bc3 {[%emt 0:00:17]} Rb7 {[%emt 0:00:50]} 31. Qh4 {[%emt 0:00:32]} Re2 {[%emt 0:00:18]} 32. Rf3 {[%emt 0:00:25]} Ne5 {[%emt 0:01:37]} 33. Qf6 {[%emt 0:01:12]} Rd7 {[%emt 0:00:17]} 34. fxg6 {[%emt 0:00:09]} hxg6 {[%emt 0:00:07]} 35. Rbf1 {[%emt 0:00:12]} Qd6 {[%emt 0:00:28]} 36. Qh4 {[%emt 0:00:13]} f5 {[%emt 0:00:02]} 37. Rh3 {[%emt 0:00:07]} Rg7 {[%emt 0:00:25]} 38. Qh8+ {[%emt 0:00:07]} Kf7 {[%emt 0:00:02]} 39. Qa8 {[%emt 0:00:08]} Qc6 {[%emt 0:00:17]} 40. Qxc6 {[%emt 0:00:04]} Nxc6 {[%emt 0:00:00]} 41. Bxg7 {[%emt 0:00:03]} Kxg7 {[%emt 0:00:00]} 42. Rc3 {[%emt 0:00:03]} Ne5 {[%emt 0:00:04]} 43. Rb1 {[%emt 0:00:02]} Kf6 {[%emt 0:00:04]} 44. Kg1 {[%emt 0:00:02]} f4 {[%emt 0:00:03]} 45. h3 {[%emt 0:00:02]} g5 {[%emt 0:00:02]} 46. Kf1 {[%emt 0:00:01]} Rd2 {[%emt 0:00:01]} 47. a5 {[%emt 0:00:03]} Kf5 {[%emt 0:00:02]} 48. b3 {[%emt 0:00:04]} Ra2 {[%emt 0:00:11]} 49. bxc4 {[%emt 0:00:01]} Rxa5 {[%emt 0:00:02]} 50. Re1 {[%emt 0:00:05]} Ra4 {[%emt 0:00:06]} 51. Rc2 {[%emt 0:00:04]} Nxc4 {[%emt 0:00:11]} 52. Kf2 {[%emt 0:00:01]} Kf6 {[%emt 0:00:12]} 53. g3 {[%emt 0:00:22]} fxg3+ {[%emt 0:00:09]} 54. Kxg3 {[%emt 0:00:02]} Ra3+ {[%emt 0:00:02]} 55. Kf2 {[%emt 0:00:21]} Ne5 {[%emt 0:00:03]} 56. Re3 {[%emt 0:00:02]} Ra5 {[%emt 0:00:06]} 57. Kg3 {[%emt 0:00:05]} c4 {[%emt 0:00:03]} 58. h4 {[%emt 0:00:02]} gxh4+ {[%emt 0:00:02]} 59. Kxh4 {[%emt 0:00:02]} Rd5 {[%emt 0:00:03]} 60. Kg3 {[%emt 0:00:02]} Rd3 {[%emt 0:00:03]} 61. Kf4 {[%emt 0:00:07]} Rxe3 {[%emt 0:00:08]} 62. Kxe3 {[%emt 0:00:02]} Kf5 {[%emt 0:00:01]} 63. Kd4 {[%emt 0:00:03]} Nf3+ {[%emt 0:00:02]} 64. Kxc4 {[%emt 0:00:02]} Ne5+ {[%emt 0:00:01]} 65. Kd5 {[%emt 0:00:03]} Nf3 {[%emt 0:00:02]} 66. Ra2 {[%emt 0:00:05]} Kf4 {[%emt 0:00:03]} 67. Rxa6 {[%emt 0:00:02]} Ke3 {[%emt 0:00:01]} 68. Ra3+ {[%emt 0:00:02]} Kf4 {[%emt 0:00:01]} 69. Ra4+ {[%emt 0:00:01]} Ke3 {[%emt 0:00:02]} 70. Re4+ {[%emt 0:00:03]} Kd3 {[%emt 0:00:02]} 71. Re8 {[%emt 0:00:03]} Nd2 {[%emt 0:00:02]} 72. Ra8 {[%emt 0:00:03]} Ke3 {[%emt 0:00:06]} 73. Ra3+ {[%emt 0:00:03]} Kf4 {[%emt 0:00:02]} 74. Ra4+ {[%emt 0:00:04]} Ke3 {[%emt 0:00:02]} 75. Rh4 {[%emt 0:00:05]} Nf3 {[%emt 0:00:03]} 76. Re4+ {[%emt 0:00:03]} Kd3 {[%emt 0:00:03]} 77. Re7 {[%emt 0:00:03]} Nd2 {[%emt 0:00:03]} 78. Ra7 {[%emt 0:00:05]} Ke3 {[%emt 0:00:03]} 79. Ra2 {[%emt 0:00:05]} Nf3 {[%emt 0:00:03]} 80. Ra3+ {[%emt 0:00:05]} Kf4 {[%emt 0:00:02]} 81. Rd3 {[%emt 0:00:02]} Ng5 {[%emt 0:00:11]} 82. Rd1 {[%emt 0:00:08]} Nf3 {[%emt 0:00:04]} 83. Rd3 {[%emt 0:00:06]} Ng5 {[%emt 0:00:05]} 84. Ra3 {[%emt 0:00:01]} Nf3 {[%emt 0:00:03]} 1/2-1/2

[Event "EOC-ch Playoff-A 2021"]
[Site "Online"]
[Date "2021.03.29"]
[Round "2.1"]
[White "Grandelius, Nils"]
[Black "Banusz, Tamas"]
[Result "1/2-1/2"]
[WhiteElo "2663"]
[BlackElo "2631"]
[Annotator "TA"]
[PlyCount "103"]
[EventDate "2021.03.29"]
[EventType "team-tourn"]
[EventCountry "NET"]
[SourceTitle "playchess.com"]
[Source "ChessBase"]
[SourceQuality "1"]

{[%evp 15,103,14,29,28,29,24,22,17,11,15,25,20,29,18,25,10,31,20,76,63,66,7,58,58,66,54,65,74,62,53,77,76,81,13,16,11,7,0,0,0,0,-2,39,-235,-225,-239,-219,-220,-253,-319,-217,-220,-227,-223,-145,-126,-104,-110,-110,-173,-110,-118,87,81,75,77,210,206,197,189,168,119,108,60,84,0,0,0,0,0,0,0,0,0,0,0,0,0,0,0]} 1. e4 e5 2. Nf3 Nc6 3. Bb5 a6 4. Ba4 Nf6 5. O-O Be7 6. d3 d6 7. c3 O-O 8. Re1 Re8 (8... b5 $5 {[%cal Rb5a4]} 9. Bb3 h6 $11) 9. Nbd2 {C84: Closed Ruy Lopez: Unusual White 6th moves.} Bf8 10. Nf1 h6 11. d4 b5 12. Bc2 Bg4 13. d5 Ne7 14. h3 Bd7 15. b3 c5 {[#]} 16. Be3 $146 ({Predecessor:} 16. a4 Qb6 17. Be3 Qb7 18. Ng3 g6 19. Qd2 Kh7 20. Reb1 Bg7 21. Ra2 Nfg8 22. b4 {½-½ (109) Arenas Vanegas,D (2457)-Sepp,O (2485) Khanty-Mansiysk 2010}) 16... g6 (16... Ng6 $11) 17. Qd2 Kh7 18. g4 ({White should try} 18. Ng3 $14) 18... Nfg8 (18... g5 $11) 19. Ng3 $14 Bg7 20. Nh2 Nc8 21. Kg2 Nb6 22. Rf1 Qe7 23. Rae1 a5 24. Re2 (24. f4 $16) 24... a4 $11 25. f4 axb3 26. axb3 exf4 27. Bxf4 Ra2 28. Nf3 b4 {[%cal Bb5b4,Bb4c3][%mdl 32]} 29. e5 $2 {[%mdl 8192]} (29. c4 $14 {stays ahead.}) 29... bxc3 $19 30. Bxg6+ fxg6 31. Qxa2 Nxd5 32. Re4 Nxf4+ 33. Rxf4 Bc6 (33... dxe5 34. Rf7 $15) 34. Kg1 dxe5 35. Rf7 Qe6 {...Re7 is the strong threat.} (35... Qxf7 $2 36. Ng5+ $1 {[%mdl 512]} hxg5 37. Rxf7 $18) (35... Ra8 $2 36. Qc2 $18) 36. Qa7 Re7 37. Rxe7 (37. Rxg7+ $17 {was necessary.} Kxg7 38. Qxc5) 37... Nxe7 (37... Qxe7 $19 38. Qxe7 Nxe7) 38. Qxc5 $17 e4 $2 (38... Qxb3 $17 {White must now prevent ...c2.} 39. Kh2 {[#]} Bd5 $1) 39. Nd4 $36 {[%mdl 2048] White is on the roll.} Qd7 40. Nge2 ({Much weaker is} 40. Nxc6 Nxc6 41. Kh1 e3 $11) 40... Kg8 (40... Bd5 $16) 41. Nxc6 $18 ({Stronger than} 41. Qxc3 Bb5 $11) 41... Nxc6 42. Qc4+ {[%mdl 64] Double Attack} Kh8 43. Qxe4 Qd2 44. Nf4 ({But not} 44. Qxg6 $2 Qxe2 45. Rf2 Qd1+ 46. Kh2 Qd5 $19) 44... Ne5 45. Nxg6+ ({Better is} 45. Qe2 $16 Qd4+ 46. Kh1) 45... Nxg6 $11 {The position is equal.} 46. Qxg6 $16 {[%mdl 4096] Endgame And now Qe8+ would win. KQR-KQB} c2 $1 47. Qe8+ Kh7 {Strongly threatening ...Qd3!} 48. Qe4+ Kh8 49. Qa8+ Kh7 {Threatens to win with ...Qd3.} 50. Qe4+ Kh8 51. Qe8+ Kh7 {aiming for ...Qd3!} 52. Qe4+ {Weighted Error Value: White=0.30/Black=0.26} 1/2-1/2

[Event "EOC-ch Playoff-A 2021"]
[Site "Online"]
[Date "2021.03.29"]
[Round "2.2"]
[White "Braun, Arik"]
[Black "Svane, Rasmus"]
[Result "1/2-1/2"]
[WhiteElo "2609"]
[BlackElo "2613"]
[Annotator "TA"]
[PlyCount "82"]
[EventDate "2021.03.29"]
[EventType "team-tourn"]
[EventCountry "NET"]
[SourceTitle "playchess.com"]
[Source "ChessBase"]
[SourceQuality "1"]

{[%evp 12,82,15,15,20,8,20,20,17,8,17,16,11,15,21,0,0,0,35,0,0,0,0,0,0,0,14,14,31,37,48,34,58,12,35,0,0,0,0,0,0,0,25,17,31,18,21,43,181,176,156,10,11,0,107,0,0,0,50,50,135,0,0,0,0,0,0,0,0,0,0,0,0]} 1. d4 Nf6 2. c4 e6 3. Nc3 Bb4 4. Qc2 d5 5. cxd5 exd5 6. Bg5 h6 7. Bh4 Nc6 {...g5 is the strong threat. E35: Nimzo-Indian: Classical: 4...d5 5 cxd5 exd5.} 8. e3 g5 9. Bg3 h5 10. Bb5 h4 11. Be5 O-O 12. Bxc6 bxc6 13. h3 Ne4 14. Nge2 $1 {[#]} Ba6 $146 ({Predecessor:} 14... Bf5) 15. O-O Bxc3 16. bxc3 f6 17. Bh2 Qe7 18. Rfe1 Rfe8 19. Nc1 Nd6 20. Nb3 Qe4 21. Qd1 {aiming for Nc5.} Bc4 22. Nc5 Qf5 23. f3 (23. Bxd6 $5 cxd6 24. Nb7 $11) 23... Rab8 24. Qd2 Kg7 25. Rac1 a5 26. Rc2 Bb5 27. Qc1 Bd3 28. Rb2 Rxb2 29. Qxb2 {Black must now prevent e4!} Bb5 {[#]} (29... Nc4 $14 30. Qb7 Qg6 31. Qxc7+ Kh6) 30. a4 $1 $18 {[%cal Ra4b5]} Bc4 31. Kh1 ({White must play} 31. Bxd6 $16 cxd6 32. Qb7+ Kf8 33. Nd7+ Kg8 34. Qc7 (34. Qxc6 Kf7 $18)) 31... Qg6 $11 32. Kg1 Re7 (32... Qf5 $11) 33. Qb8 (33. Bxd6 $16 cxd6 34. Nb7 {[%mdl 64] Double Attack}) 33... Qc2 34. Bxd6 Qxc3 {[#]} 35. Ne6+ $1 Kh7 $1 (35... Rxe6 $2 36. Qf8+ Kh7 37. Qf7+ Kh8 38. Rb1 $18) 36. Qf8 Qxe1+ {The position is equal.} 37. Kh2 Rxe6 ({Inferior is} 37... cxd6 38. Qxe7+ Kh6 39. Qxf6+ Kh7 40. Qg7#) 38. Qf7+ Kh8 39. Qf8+ Kh7 40. Qf7+ Kh8 41. Qf8+ Kh7 {Weighted Error Value: White=0.21/Black=0.21} 1/2-1/2